ALLAMA I.I KAZI ON EDUCATIONS (Record no. 574005)
[ view plain ]
| 000 -LEADER | |
|---|---|
| fixed length control field | 00251nam a22001097a 4500 |
| 082 ## - DEWEY DECIMAL CLASSIFICATION NUMBER | |
| Classification number | 370 ALL'U |
| 100 ## - MAIN ENTRY--PERSONAL NAME | |
| Personal name | UMRANI, ABDUL AZIZ DR |
| 9 (RLIN) | 65935 |
| 245 ## - TITLE STATEMENT | |
| Title | ALLAMA I.I KAZI ON EDUCATIONS |
| 260 ## - PUBLICATION, DISTRIBUTION, ETC. | |
| Place of publication, distribution, etc. | KARACHI |
| Name of publisher, distributor, etc. | ROYAL |
| Date of publication, distribution, etc. | 1989 |
| 300 ## - PHYSICAL DESCRIPTION | |
| Extent | 119P |
| 942 ## - ADDED ENTRY ELEMENTS (KOHA) | |
| Koha item type | Book |
| Withdrawn status | Lost status | Damaged status | Not for loan | Permanent Location | Current Location | Shelving location | Date acquired | Total Checkouts | Full call number | Barcode | Date last seen | Price effective from | Koha item type |
|---|---|---|---|---|---|---|---|---|---|---|---|---|---|
| College of Electrical & Mechanical Engineering (CEME) | College of Electrical & Mechanical Engineering (CEME) | General Stacks | 07/28/2017 | 370 ALL'U | CEME-22517 | 06/28/2021 | 06/28/2021 | Book |
